Test de rapidité - Récrire ces phrases - Statistiques

Statistiques générales
  • Ce quiz a été pris 928 fois
  • Le résultat moyen est 3 sur 5
Statistiques - réponses
Phrases Réponses % Correct
Le lion est mort ce soir Le lion est mort ce soir
100%
Le coeur a ses raisons que la raison ignore Le coeur a ses raisons que la raison ignore
95%
Deux choses sont infinies : l'Univers et la bêtise humaine Deux choses sont infinies : l'Univers et la bêtise humaine
71%
Les chiffres ne mentent pas, mais les menteurs adorent les chiffres Les chiffres ne mentent pas, mais les menteurs adorent les chiffres
38%
A vaincre sans péril on triomphe sans gloire A vaincre sans péril on triomphe sans gloire
20%
Aucun quiz correspondant
Distribution des résultats
% des personnes avec chaque résultat
Percentile par nombre de réponses
Votre historique - résultats
Vous n’avez pas pris ce quiz